[Event "HCL-E024"]
[Site "www.playchess.de"]
[Date "2001.04.18"]
[Round "5"]
[White "lubos"]
[Black "Aetos"]
[WhiteElo "1967"]
[BlackElo "2000"]
[PlyCount "49"]
[Result "1-0"]

1.e3 e5 2.d4 d6 3.dxe5 dxe5 4.Qxd8+ Kxd8 5.Nc3 Nf6 
6.Bc4 Ke8 7.Nf3 e4 8.Ng5 Be6 9.Bxe6 fxe6 10.Nxe6 
Kd7 11.Nxf8+ Rxf8 12.O-O a6 13.b3 Nc6 14.Ba3 Rfe8 
15.Rad1+ Ke6 16.Ne2 Kf7 17.Nd4 Nxd4 18.Rxd4 Rad8 
19.Rfd1 Rxd4 20.Rxd4 c6 21.Kf1 Nd5 22.c4 Nb6 
23.Bc5 Nc8 24.Rd7+ Ne7 25.Rxb7 1-0

[Event "HCL-A076"]
[Site "www.playchess.de"]
[Date "2001.04.18"]
[Round "7"]
[White "Darkcurrent"]
[Black "Emro"]
[WhiteElo "1800"]
[BlackElo "1700"]
[PlyCount "32"]
[Result "0-1"]

1.d4 {Hello, I'm a newbie and good luck!}  d5 
{Hi,I from Turkey, nice game}  2.c4 e6 3.Nc3 Nf6 
4.Bg5 Be7 5.Nf3 Nbd7 6.e3 O-O 7.Rc1 h6 8.Bh4 a6 
9.cxd5 exd5 10.Bd3 c6 11.O-O Re8 12.Bg3 Nh5 13.a3 
Nxg3 14.hxg3 Nf6 15.Ne5 Bd6 16.f4 
Be6 0-1

[Event "HCL-A080"]
[Site "www.playchess.de"]
[Date "2001.04.18"]
[Round "4"]
[White "peze"]
[Black "hamgon"]
[WhiteElo "1970"]
[BlackElo "1724"]
[PlyCount "93"]
[Result "1-0"]

1.e4 c5 {Hi Peze, and Good Luck for you!}  2.Nf3 
{Hi Hamilton! Good Luck for you too. Let's have a 
nice game.}  d6 {Ok thanks!}  3.d4 cxd4 4.Nxd4 Nf6 
5.Nc3 a6 6.Be3 Ng4 7.Bg5 h6 8.Bh4 g5 9.Bg3 Bg7 
10.Qd2 Nc6 11.Nb3 Nge5 12.a4 Na5 13.Nxa5 Qxa5 
14.Nd5 Qxd2+ 15.Kxd2 Rb8 16.f3 Be6 17.c3 Bxd5 
18.exd5 Nd7 19.a5 Be5 20.Bf2 Nf6 21.Bc4 g4 22.Be3 
gxf3 23.gxf3 Nh5 24.Ra4 Bf4 25.Bxf4 Nxf4 26.Bb5+ 
axb5 27.Rxf4 Rh7 28.Rb4 Rg7 29.Rxb5 Kd7 30.Kd3 e6 
31.a6 Kc7 32.Re1 e5 33.Re4 f5 34.Reb4 Kc8 35.c4 
Rc7 36.R5xb7 Rcxb7 37.Rxb7 Rxb7 38.axb7+ Kxb7 
39.b4 Kb6 40.Kc3 h5 41.h4 Kc7 42.c5 dxc5 43.bxc5 
Kd7 44.d6 f4 45.Kd3 Ke6 46.Ke4 Kd7 
47.Kd5 1-0

[Event "ACL-A100"]
[Site "www.playchess.de"]
[Date "2001.04.18"]
[Round "12"]
[White "jalal"]
[Black "Kimura"]
[WhiteElo "1500"]
[BlackElo "1500"]
[PlyCount "104"]
[Result "0-1"]

1.d4 Nf6 2.c4 e6 3.e3 c5 4.Nf3 cxd4 5.Nxd4 Nc6 
6.Nxc6 bxc6 7.Be2 d5 8.O-O Be7 9.b3 O-O 10.Bb2 a5 
11.Na3 a4 12.Bd3 axb3 13.axb3 Qb6 14.cxd5 cxd5 
15.Qc2 Bd7 16.Bd4 Qb8 17.Nb1 Rxa1 18.Bxa1 Rc8 
19.Qd1 e5 20.Nd2 Bd6 21.h3 Qb4 22.Re1 Qa5 23.e4 
Bb4 24.Re2 Ba3 25.Re1 Rc1 26.Qe2 Rxe1+ 27.Qxe1 
dxe4 28.Bxe4 Bb4 29.Bd3 Bxd2 30.Qxe5 
{congradulations, i will fight for draw}  Qxe5 
{tahn you, and good luck!}  31.Bxe5 Nd5 32.Kf1 Bc3 
33.Bxc3 Nxc3 34.Ke1 Bb5 35.Kd2 Bxd3 36.Kxd3 Nd5 
37.Kc4 Nf6 38.b4 Kf8 39.Kc5 Ne4+ 40.Kc6 Nxf2 41.b5 
Ke7 42.Kc7 Nd3 43.b6 Nc5 44.b7 Nxb7 45.Kxb7 Kd6 
46.Kb6 f5 47.h4 g6 48.Kb5 Kd5 49.Kb6 h6 50.Kc7 g5 
51.hxg5 hxg5 52.Kd7 f4 0-1

[Event "HCL-B192"]
[Site "www.playchess.de"]
[Date "2001.04.18"]
[Round "10"]
[White "deadeasy"]
[Black "Jeff_Foster"]
[WhiteElo "1869"]
[BlackElo "1437"]
[PlyCount "65"]
[Result "1-0"]

1.d4 {hi, from london}  Nf6 {hi, from southampton} 
 2.Nc3 {my son was at uni there last year}  e6 
{i'm at uni here as well :)}  3.e4 {he was 
studying journalism at the inst}  Bb4 {cool}  
4.Bd3 {are u a saints fan ;-(}  O-O {a little bit, 
it was bad luck against tranmere :)}  5.Bd2 d5 
6.e5 Nfd7 7.Nf3 f6 8.exf6 Nxf6 9.O-O c5 10.a3 {oh 
well so much for me learning d4 openings!}  Bxc3 
{I'm not used to people playing d4 and Nc3 without 
a c4, it's an odd opening :) (London System?)}  
11.Bxc3 {i think the bishop of f4 makes a london 
syst, on g5 a trompovsky, this is a french but bc3 
is usual}  cxd4 {Ahh, maybe if I'd knew that 
earlier I could have found out what I'm supposed 
to do in this opening!}  12.Bxd4 {you are doing 
exactly as required in the french}  Qe7 13.Re1 Nc6 
14.Bc3 Nh5 15.b4 a6 16.Rb1 {i couldn`t access this 
game for 24 hours!}  Nf4 {Me neither!}  17.a4 Nxd3 
18.Qxd3 Qd7 19.Ng5 Rf5 {Oh dear.}  20.Nxe6 {that 
wasn`t consistent with your normal play?}  g6 
{Temporary blindness is my only excuse :(}  21.Nd4 
{when i suffer that it iis usually the queen that 
vanishes!}  Rf4 {lol}  22.g3 Nxd4 23.Bxd4 Rf7 
24.b5 axb5 25.Qxb5 Qxb5 26.axb5 {I thought i had 
blundered last move. after moving i saw Ra4 !?}  
Bf5 {25. Qbx5 Ra4!? 26. Re8+! and I think I'm in 
trouble.  Could be wrong and I often am :)}  
27.Rb2 {that looks very murky, i had not 
considered the line at all.}  Rff8 28.f3 Rfc8 
29.Re7 h5 30.Rxb7 Rxc2 31.Rxc2 {what is happening 
in your other remaining game. are u winning or is 
it only drawing?}  Bxc2 {It should be completely 
won - I hope :)}  32.Rc7 Bf5 33.b6 1-0

[Event "HCL-B199"]
[Site "www.playchess.de"]
[Date "2001.04.18"]
[Round "6"]
[White "PrinceX"]
[Black "urkizu"]
[WhiteElo "1500"]
[BlackElo "1300"]
[PlyCount "30"]
[Result "0-1"]

1.e4 c5 2.Nf3 d6 3.c3 Nf6 4.Qc2 Nc6 5.d4 cxd4 
6.cxd4 Qb6 7.e5 dxe5 8.dxe5 Nb4 9.Qc4 Ng4 10.Qb5+ 
Qxb5 11.Bxb5+ Bd7 12.Bxd7+ Kxd7 13.Na3 Nd3+ 14.Ke2 
Ndxf2 15.Rf1 Ne4 0-1

[Event "HCL-B200"]
[Site "www.playchess.de"]
[Date "2001.04.18"]
[Round "7"]
[White "yar75028"]
[Black "JaredMW"]
[WhiteElo "1968"]
[BlackElo "1500"]
[PlyCount "67"]
[Result "1-0"]

1.e4 {hello, hope to give u a good game.}  e5 {Hi! 
 I'ts nice to play you, and I hope it turns out to 
be a good game.}  2.Nf3 Nc6 {Where in the United 
States do you live?  I live in Pennsylvania.}  
3.d4 {i'm in dallas,tx.}  d6 4.d5 {been playing 
long?}  Nce7 {A few years, but you wouldn't know 
it with the bad move I just made.  You?}  5.c4 
{25+ yrs.. i often take a whopping doing that 
move.}  Nf6 {Check out my chess website: 
http://chessconnection.cjb.net}  6.Nc3 {i've 
already been there. very nice.}  c6 {Sorry, sent 
the link to the wrong person.}  7.Be2 c5 8.a3 Bd7 
{This game has been rather closed. Material tied, 
you have a slight development lead.}  9.b4 {this 
is a dangerous segment that i usually screw up.}  
cxb4 10.axb4 Qb6 11.Rb1 Rc8 {Never seen a position 
like this before.  When game over, please tell me 
what this segment is called.}  12.Be3 Qc7 13.Bxa7 
b5 14.Be3 bxc4 15.b5 {I had a long debate with 
myself on this one. later}  Qa5 {Sorry I took so 
long to move.}  16.Bd2 Rb8 17.Bxc4 Nc8 18.O-O Nb6 
{I'm glad this website is back up.  It seems like 
the allowed message size may be longer.  Good.}  
19.Bd3 {man, time really got away form me. sorry. 
between this server and mine i just quit 
checking.}  Be7 20.Ra1 Qb4 {I was away from 
computer for 1 week :(}  21.Na4 {we were wondering 
where u got off to. thought maybe girls had raised 
their pretty heads.}  Qxb5 {Wow, I have no 
escape!}  22.Bxb5 {yep, u got u'r self in a 
pickel.}  Bxb5 {you completely surrounded me}  
23.Nxb6 {i had help.}  Bxf1 {Taking some of it 
back . . but still down by a lot}  24.Kxf1 {it was 
a costly queen but well worth it.}  Rxb6 {Maybe 
costly - but in total cost, I lost much, much more 
... :( Good job}  25.Ra8+ Bd8 26.Qa4+ Ke7 27.Qa7+ 
{i'm going on vacation form friday to late next 
monday but i may be able to make moves.}  Nd7 
28.g3 Rb1+ 29.Kg2 {back from vacation and 
blistered.}  h5 30.Rc8 Re8 31.Nh4 g5 32.Bxg5+ f6 
{Where did you vacation at?}  33.Nf5+ {at my in 
laws place in the country. they have a 10 acre 
rock pit full of fish. we caught plenty.}  Kf8 
{Ten acre lake ... sounds great.  We have a one 
acre pond and a 1/2 acre pond here (both stocked)} 
 34.Bh6+ 1-0

[Event "HCL-B209"]
[Site "www.playchess.de"]
[Date "2001.04.18"]
[Round "9"]
[White "Elz"]
[Black "Fabian"]
[WhiteElo "1289"]
[BlackElo "1369"]
[PlyCount "21"]
[Result "1-0"]

1.e4 c5 2.Nf3 d6 3.d4 cxd4 4.Nxd4 e6 5.c4 Nc6 
6.Nc3 Bd7 7.Be2 Nf6 8.O-O Be7 9.Ndb5 Qb8 10.Bf4 e5 
11.Bg5 1-0

[Event "HCL-C208"]
[Site "www.playchess.de"]
[Date "2001.04.18"]
[Round "1"]
[White "mesonyx"]
[Black "oliverio_g"]
[WhiteElo "1000"]
[BlackElo "1000"]
[PlyCount "21"]
[Result "1-0"]

1.e4 e5 2.Nf3 Nc6 3.d3 Bc5 4.Bg5 Nf6 5.h4 d5 6.Nc3 
dxe4 7.Nxe4 Bf5 8.Nxf6+ gxf6 {This match is 
getting interesting...}  9.Be3 Qd5 10.b3 {Yes, 
indeed :-)}  O-O-O 11.Be2 1-0

[Event "HCL-A094"]
[Site "www.playchess.de"]
[Date "2001.04.18"]
[Round "21"]
[White "theman"]
[Black "easykiller"]
[WhiteElo "1700"]
[BlackElo "1700"]
[PlyCount "46"]
[Result "0-1"]

1.d4 Nf6 {Hi from Slovakia}  2.c4 {Hi from USA}  
g6 3.Nc3 Bg7 4.e4 d6 5.Nf3 O-O 6.Be2 Nbd7 7.Bf4 
Nh5 8.Bg3 a6 9.Ng5 Nxg3 10.hxg3 h6 11.Nf3 c5 
12.Qd2 cxd4 13.Nd5 e6 14.O-O-O exd5 15.Rxh6 dxe4 
16.Qf4 Qf6 17.Rh2 Qxf4+ 18.gxf4 exf3 19.Bxf3 Nc5 
20.g4 a5 21.Rdh1 Nd3+ 22.Kd2 Nxf4 23.g5 
Bf5 0-1

[Event "HCL-C203"]
[Site "www.playchess.de"]
[Date "2001.04.18"]
[Round "21"]
[White "donkey"]
[Black "Martinio"]
[WhiteElo "1210"]
[BlackElo "1331"]
[PlyCount "76"]
[Result "0-1"]

1.d4 Nf6 2.Nf3 g6 3.c4 Bg7 4.g3 O-O 5.Bg2 d6 6.O-O 
Nbd7 7.Nc3 c5 8.d5 Nb6 9.Qd3 e6 10.e4 exd5 11.cxd5 
Bg4 12.h3 Bxf3 13.Bxf3 Nfd7 14.Bf4 Ne5 15.Bxe5 
Bxe5 16.Bg2 Bd4 17.Rac1 Qe7 18.Qd2 a6 19.Ne2 Bg7 
20.Rfe1 Rfe8 21.Qc2 Nd7 22.f4 Qd8 23.g4 Qb6 24.g5 
c4+ 25.Kh2 Rac8 26.Nc3 Nc5 27.Bf1 h6 28.h4 hxg5 
29.hxg5 Nd3 30.Bxd3 cxd3 31.Qd2 Bd4 32.Rcb1 Rc4 
33.Qxd3 Bxc3 34.bxc3 Qf2+ 35.Kh3 Kg7 36.Qg3 Rh8+ 
37.Kg4 Qc5 38.Qf3 Rxc3 0-1

[Event "HCL-C210"]
[Site "www.playchess.de"]
[Date "2001.04.18"]
[Round "8"]
[White "suez"]
[Black "nikolayk"]
[WhiteElo "1000"]
[BlackElo "1203"]
[PlyCount "67"]
[Result "1-0"]

1.e4 c5 2.c3 Nf6 3.e5 Nd5 4.Nf3 e6 5.Bc4 Nf4 6.O-O 
Qb6 7.d3 Ng6 8.Nbd2 Nc6 9.Re1 Qc7 10.d4 cxd4 
11.cxd4 d6 12.exd6 Qxd6 13.d5 Na5 14.Qa4+ Bd7 
15.Qxa5 Be7 16.dxe6 Bxe6 17.Ne4 Qb4 18.Qxb4 Bxb4 
19.Bb5+ Bd7 20.Bxd7+ Kxd7 21.Rd1+ Ke7 22.a3 Ba5 
23.b4 Bb6 24.Bb2 Rhd8 25.Bxg7 Rac8 26.Bf6+ Ke8 
27.Nd6+ Rxd6 28.Rxd6 Ne7 29.Re1 Bd8 30.Ng5 Kf8 
31.Rxd8+ Rxd8 32.Bxe7+ Ke8 33.Bxd8+ Kxd8 
34.Nxf7+ 1-0

[Event "ACL-A094"]
[Site "www.playchess.de"]
[Date "2001.04.18"]
[Round "2"]
[White "lottalove"]
[Black "Winkler"]
[WhiteElo "1500"]
[BlackElo "1260"]
[PlyCount "82"]
[Result "1/2-1/2"]

1.e4 e5 2.Nf3 Nc6 3.Bc4 Bc5 4.b4 Bxb4 5.c3 Ba5 
6.Qb3 Qf6 7.O-O Nge7 8.d4 exd4 9.Bg5 Qg6 10.cxd4 
O-O 11.d5 Qxe4 12.dxc6 Nxc6 13.Nc3 Bxc3 14.Qxc3 d5 
15.Rfe1 Qxc4 16.Qe3 Be6 17.Ne5 Nxe5 18.Qxe5 Rae8 
19.Qg3 Kh8 20.Rec1 Qg4 21.Qxg4 Bxg4 22.Rxc7 f6 
23.Be3 b6 24.Rxa7 b5 25.f3 Be6 26.Bc5 Rf7 27.Rxf7 
Bxf7 28.Bd6 g5 29.Rb1 Ra8 30.Rb2 Kg7 31.Kf2 d4 
32.a3 Bc4 33.Bb4 d3 34.h3 Re8 35.Kg3 Re2 36.Rd2 f5 
37.f4 Kg6 38.fxg5 Kxg5 39.h4+ Kg6 40.Kh3 h5 41.Kg3 
Kf6 1/2-1/2

[Event "HCL-C211"]
[Site "www.playchess.de"]
[Date "2001.04.18"]
[Round "21"]
[White "wael"]
[Black "pgschumy"]
[WhiteElo "1401"]
[BlackElo "1051"]
[PlyCount "53"]
[Result "1-0"]

1.e4 c5 {hi!}  2.Nf3 {hi enjoy the game}  Nc6 3.d4 
cxd4 4.Nxd4 Nf6 5.Nc3 a6 6.Bc4 g6 7.Nxc6 bxc6 
8.O-O Bg7 9.e5 Ng8 10.Qf3 e6 11.Re1 f6 12.Ne4 Qa5 
13.Nd6+ Ke7 14.b4 Qc7 15.Ba3 Ra7 16.b5 Kd8 17.Nf7+ 
Ke8 18.Nxh8 cxb5 19.Bb3 Bxh8 20.exf6 Nxf6 21.Bb2 
Bb7 22.Qh3 Qc6 23.Bxe6 dxe6 24.Rxe6+ Kf7 25.Rxc6 
Bxc6 26.Re1 h5 27.Qe6+ 1-0

[Event "ACL-A114"]
[Site "www.playchess.de"]
[Date "2001.04.18"]
[Round "9"]
[White "Avulcan"]
[Black "pgschumy"]
[WhiteElo "1500"]
[BlackElo "1403"]
[PlyCount "55"]
[Result "1-0"]

1.d4 d5 {hi!}  2.c4 e6 3.Nc3 Nf6 4.Nf3 c6 5.Bg5 
Be7 6.e3 O-O 7.Qc2 Nbd7 8.Rd1 a6 9.a3 dxc4 10.Bxc4 
Nb6 11.Ba2 Nfd5 12.Bxe7 Qxe7 13.O-O Rd8 14.e4 Nxc3 
15.Qxc3 h6 16.Bb1 Na4 17.Qc2 b5 18.b3 Nb6 19.Qxc6 
Rd6 20.Qc5 Qd8 21.Qc2 Rd7 22.d5 exd5 23.exd5 Rxd5 
24.Rxd5 Qxd5 25.Qh7+ Kf8 26.Be4 Qxb3 27.Bxa8 f6 
28.Qh8+ 1-0

[Event "HCL-B218"]
[Site "www.playchess.de"]
[Date "2001.04.18"]
[Round "3"]
[White "Guigs"]
[Black "sonnygarcia"]
[WhiteElo "1500"]
[BlackElo "1145"]
[PlyCount "47"]
[Result "1-0"]

1.d4 e6 2.c4 b6 3.e4 Bb7 4.Bd3 c5 5.d5 exd5 6.exd5 
Nf6 7.Nc3 Bd6 8.Nh3 O-O 9.O-O Qc7 10.g3 Na6 11.Nb5 
Qb8 12.a3 Nc7 13.Nxd6 Nce8 14.Nxb7 Qxb7 15.Re1 d6 
16.a4 a5 17.b3 Qc8 18.Nf4 Ng4 19.Bb2 f5 20.Re7 
Nef6 21.Ne6 Rf7 22.Rxf7 Kxf7 23.Bxf5 Qe8 
24.Bxg4 1-0

[Event "HCL-B219"]
[Site "www.playchess.de"]
[Date "2001.04.18"]
[Round "9"]
[White "MP"]
[Black "CALZON-FIESTERO"]
[WhiteElo "1155"]
[BlackElo "1500"]
[PlyCount "53"]
[Result "1-0"]

1.d4 d5 2.Nf3 Bg4 3.e3 Nf6 4.Be2 a6 5.O-O Nc6 
6.Nbd2 e6 7.h3 Bh5 8.Ne5 Bxe2 9.Qxe2 Nxe5 10.dxe5 
Nd7 11.f4 Bc5 12.Nb3 Ba7 13.Bd2 O-O 14.Nd4 c5 
15.Nf3 d4 16.Kh2 f6 17.exf6 Nxf6 18.exd4 cxd4 
19.Qxe6+ Kh8 20.Ng5 Qd7 21.Qxd7 Nxd7 22.Rae1 h6 
23.Ne6 Rfe8 24.f5 Nf6 25.Red1 Bb6 26.Nf4 Ne4 
27.Ng6+ 1-0

[Event "HCL-B219"]
[Site "www.playchess.de"]
[Date "2001.04.18"]
[Round "16"]
[White "Czentovic"]
[Black "CHARON"]
[WhiteElo "1236"]
[BlackElo "1527"]
[PlyCount "55"]
[Result "1/2-1/2"]

1.d4 d5 2.c4 e6 3.Nf3 Nf6 4.g3 Be7 5.Bg2 O-O 6.O-O 
c6 7.Nc3 Nbd7 8.Qd3 Qa5 9.Nd2 Re8 10.e4 dxe4 
11.Ncxe4 Nxe4 12.Nxe4 Nf6 13.Bd2 Qf5 14.Nxf6+ Qxf6 
15.Bf4 Rd8 16.Rad1 Bd6 17.Bxd6 Rxd6 18.b4 e5 
19.Rfe1 Bg4 20.f3 Rxd4 21.Qe3 Rxd1 22.Rxd1 Be6 
23.Bf1 Qe7 24.a3 a5 25.c5 axb4 26.axb4 Bd5 27.f4 
e4 28.Re1 1/2-1/2

[Event "HCL-B225"]
[Site "www.playchess.de"]
[Date "2001.04.18"]
[Round "8"]
[White "Bohem_35"]
[Black "Birdmove"]
[WhiteElo "1200"]
[BlackElo "1500"]
[PlyCount "52"]
[Result "0-1"]

1.e4 d5 2.exd5 Qxd5 3.Nc3 Qa5 4.d4 Nf6 5.Nf3 Bf5 
6.Bc4 e6 7.O-O c6 8.Re1 Bd6 9.h3 O-O 10.Nh4 Nbd7 
11.Nxf5 exf5 12.Qf3 g6 13.Bd2 Qc7 14.Bg5 Rfe8 
15.Re2 Rxe2 16.Nxe2 Ne4 17.Nc3 Ndf6 18.Bxf6 Nxf6 
19.Re1 Re8 20.Rxe8+ Nxe8 21.Qe3 Qe7 22.Qxe7 Bxe7 
23.Na4 b5 24.Bb3 bxa4 25.Bxa4 Nd6 26.Bxc6 
Ne4 0-1

[Event "ACL-A117"]
[Site "www.playchess.de"]
[Date "2001.04.18"]
[Round "5"]
[White "Flab"]
[Black "guerino"]
[WhiteElo "1500"]
[BlackElo "1325"]
[PlyCount "44"]
[Result "0-1"]

1.e4 c5 2.Bc4 Nc6 3.d3 Nf6 4.g4 g6 5.g5 Nh5 6.c3 
Bg7 7.Qf3 O-O 8.Nh3 Ne5 9.Bxf7+ Rxf7 10.Qe3 d6 
11.b4 Rf3 12.Qd2 Nxd3+ 13.Kf1 Bxh3+ 14.Ke2 Rxf2+ 
15.Ke3 Rxd2 16.Bxd2 Ne5 17.Be1 e6 18.Rg1 Qf8 
19.Kd2 Qf4+ 20.Kc2 Qxh2+ 21.Nd2 Qxg1 22.Rd1 
cxb4 0-1

[Event "HCL-A103"]
[Site "www.playchess.de"]
[Date "2001.04.18"]
[Round "4"]
[White "faaus"]
[Black "jmcerna"]
[WhiteElo "1700"]
[BlackElo "1550"]
[PlyCount "69"]
[Result "1-0"]

1.e4 c5 2.c3 e6 3.Nf3 d5 4.exd5 exd5 5.d4 Nc6 
6.Bb5 Bd6 7.Be3 cxd4 8.Bxd4 Nge7 9.Bxg7 Rg8 10.Bd4 
Rxg2 11.Nbd2 Bg4 12.Nf1 Qa5 13.Bxc6+ Nxc6 14.Ne3 
Nxd4 15.Qxd4 Bxf3 16.Qf6 Rg6 17.Qxf3 d4 18.Qe4+ 
Re6 19.Qxd4 O-O-O 20.Qc4+ Kb8 21.O-O-O Rc8 22.Qb3 
Bf4 23.Rd7 Rb6 24.Qxf7 Bd6 25.Nc4 Qg5+ 26.Kb1 Rxc4 
27.Rxd6 Rxd6 28.Qxc4 Qf5+ 29.Ka1 Qf3 30.Qg8+ Kc7 
31.Qxh7+ Rd7 32.Qb1 Qxf2 33.h4 a5 34.h5 Rd2 
35.h6 1-0

[Event "HCL-B224"]
[Site "www.playchess.de"]
[Date "2001.04.18"]
[Round "35"]
[White "richard"]
[Black "Bauernopfer"]
[WhiteElo "1500"]
[BlackElo "1336"]
[PlyCount "99"]
[Result "1-0"]

1.e4 {greetings from snowy Amherst, MA}  e5 
{greetings from icy Gießen, Hesse}  2.Nf3 {Isn't 
it a small world. This web site is great}  Nc6 
{Yes, it is the best chess site I know in the 
internet}  3.Bb5 Nge7 {.}  4.O-O a6 5.Ba4 d6 6.c3 
Bd7 7.d4 exd4 8.cxd4 Na7 9.Nc3 g6 10.Be3 Bg7 
11.Rc1 O-O 12.Bxd7 Qxd7 13.Qd2 Nb5 14.Bh6 c6 
15.Bxg7 Kxg7 16.a4 Nxc3 17.Rxc3 d5 18.Re3 dxe4 
19.Rxe4 Rae8 20.Rfe1 Nf5 21.b4 b5 22.a5 Rxe4 
23.Rxe4 f6 24.Qe1 Qd5 25.h3 Nd6 26.Re7+ Kg8 
27.Qe6+ {26..f8-f7 was better}  Qxe6 {Yes, I have 
to agree.}  28.Rxe6 Rd8 29.Rxf6 Kg7 {.}  30.Re6 
{but now i have advantage}  Kf7 31.Re1 Nf5 32.Ne5+ 
Kf6 33.Nxc6 Rd6 34.Rc1 Nxd4 35.Nxd4 Rxd4 36.Rc6+ 
Kg5 37.Rxa6 Rxb4 38.Rb6 h5 39.a6 Kh6 40.g3 Ra4 
41.f4 Kg7 42.Kf2 b4 43.Ke3 {I think I can}  b3 
44.Kd3 b2 45.Kc2 b1R {%}  46.Kxb1 {gotcha}  Ra3 
47.Kb2 Rxg3 48.a7 {auf viter sein mein freund}  
Rg2+ {;) By the way: correct: Auf Wiedersehn mein 
Freund.}  49.Kb3 {adieu mon ami}  Rg1 {Je peux 
parler francais.}  50.Rb7+ 1-0

[Event "HCL-A101"]
[Site "www.playchess.de"]
[Date "2001.04.18"]
[Round "31"]
[White "kemi"]
[Black "Felix"]
[WhiteElo "1700"]
[BlackElo "1683"]
[PlyCount "20"]
[Result "0-1"]

1.e4 {Good Luck :-)}  c5 2.c3 d5 3.Nf3 dxe4 4.Qa4+ 
Nc6 5.Qxe4 Nf6 6.Qc4 e5 7.d3 Be7 8.Be3 Be6 9.Qa4 
O-O 10.Qb5 a6 0-1

[Event "HCL-C230"]
[Site "www.playchess.de"]
[Date "2001.04.18"]
[Round "8"]
[White "pajala"]
[Black "hercos"]
[WhiteElo "1224"]
[BlackElo "1000"]
[PlyCount "53"]
[Result "1-0"]

1.e4 c5 2.Nc3 Nc6 3.d3 d6 4.Be3 Nf6 5.h3 e6 6.d4 
cxd4 7.Bxd4 a6 8.Nf3 Be7 9.e5 dxe5 10.Bxe5 Qa5 
11.Bd6 Nd5 12.Bxe7 Ncxe7 13.Bd3 O-O 14.O-O Nxc3 
15.bxc3 Qxc3 16.Ng5 g6 17.Qf3 Nf5 18.Ne4 Qc7 
19.Rab1 Rb8 20.Rb4 b5 21.Qg4 Bb7 22.Nf6+ Kh8 
23.Bxf5 exf5 24.Qg5 Qc6 25.Rh4 Qxg2+ 26.Qxg2 Bxg2 
27.Rxh7+ 1-0

[Event "HCL-E041"]
[Site "www.playchess.de"]
[Date "2001.04.18"]
[Round "7"]
[White "DKCozy"]
[Black "Muniz"]
[WhiteElo "1718"]
[BlackElo "2000"]
[PlyCount "25"]
[Result "1-0"]

1.f4 d5 2.e3 g6 3.Nf3 Bg7 4.Nc3 Nf6 5.Be2 O-O 
6.O-O c5 7.b3 d4 8.exd4 cxd4 9.Nb5 d3 10.Bxd3 Ng4 
11.Rb1 Qb6+ 12.Kh1 Nf2+ 13.Rxf2 1-0

[Event "HCL-C230"]
[Site "www.playchess.de"]
[Date "2001.04.18"]
[Round "19"]
[White "Martinio"]
[Black "craigsadler"]
[WhiteElo "1331"]
[BlackElo "731"]
[PlyCount "63"]
[Result "1-0"]

1.e4 c6 2.d4 d5 3.Nc3 dxe4 4.Nxe4 Bf5 5.Nc5 b6 
6.Nb3 e6 7.Nf3 Nf6 8.Be2 Bd6 9.Nh4 O-O 10.Nxf5 
exf5 11.Qd3 f4 12.O-O Re8 13.Bf3 Nbd7 14.Bxc6 Rc8 
15.Bf3 h6 16.Bd2 Bb8 17.Rae1 Nf8 18.Rxe8 Qxe8 
19.Bc3 Ng6 20.Re1 Qd7 21.d5 Qd6 22.g3 fxg3 23.hxg3 
Nh4 24.gxh4 Qh2+ 25.Kf1 Qxh4 26.Qf5 Rxc3 27.bxc3 
Qc4+ 28.Qd3 Qh4 29.Re7 Qh3+ 30.Bg2 Qh4 31.d6 Ng4 
32.Re8+ 1-0

[Event "HCL-C228"]
[Site "www.playchess.de"]
[Date "2001.04.18"]
[Round "10"]
[White "craigsadler"]
[Black "king27"]
[WhiteElo "721"]
[BlackElo "1000"]
[PlyCount "90"]
[Result "0-1"]

1.e4 {hi!}  d5 2.exd5 Qxd5 {hello}  3.Nc3 Qe5+ 
4.Qe2 Nc6 5.Qxe5 Nxe5 6.d4 Ng6 7.Nf3 a6 8.Nd5 Kd7 
9.Bc4 e6 10.Nb4 Bxb4+ 11.c3 Bd6 12.O-O N8e7 13.Re1 
b5 14.Bb3 Nf4 15.Ne5+ Bxe5 16.dxe5 Nd3 17.Re3 Nxc1 
18.Rxc1 Rd8 19.Rd1+ Ke8 20.Rxd8+ Kxd8 21.Rd3+ Ke8 
22.f4 c5 23.Rd6 c4 24.Bd1 Nf5 25.Rd2 Bb7 26.Bg4 
Ne3 27.Bh5 g6 28.Bf3 Bxf3 29.gxf3 Rd8 30.Rxd8+ 
Kxd8 31.Kf2 Nd1+ 32.Ke2 Nxb2 33.Kd2 Ke7 34.Kc2 Na4 
35.Kd2 h5 36.h4 a5 37.a3 Kd7 38.Kc2 Kc6 39.Kd2 Kd5 
40.Kc2 Nc5 41.Kd2 Nd3 42.Ke3 b4 43.cxb4 axb4 
44.axb4 Nxb4 {king27}  45.Kd2 Kd4 0-1

[Event "HCL-A099"]
[Site "www.playchess.de"]
[Date "2001.04.18"]
[Round "2"]
[White "dlc"]
[Black "Matti"]
[WhiteElo "1700"]
[BlackElo "1612"]
[PlyCount "44"]
[Result "0-1"]

1.d4 d5 2.c4 e6 3.Nc3 Nf6 4.Nf3 Bb4 5.Ne5 c6 6.a3 
Ba5 7.c5 Bxc3+ 8.bxc3 Ne4 9.Qc2 Qa5 10.Bb2 Nd7 
11.Nf3 b5 12.e3 Qc7 13.Bd3 Ndf6 14.O-O a5 15.Ne5 
h6 16.g3 O-O 17.h4 Bd7 18.Kg2 g5 19.f3 Nxg3 
20.Kxg3 Nh5+ 21.Kf2 Kg7 22.Rfg1 
f6 0-1

[Event "HCL-C234"]
[Site "www.playchess.de"]
[Date "2001.04.18"]
[Round "6"]
[White "guerino"]
[Black "MAPS"]
[WhiteElo "1134"]
[BlackElo "878"]
[PlyCount "45"]
[Result "1-0"]

1.e4 e5 2.Nf3 Nc6 3.Bb5 a6 {GOOD LUCK!}  4.Ba4 Qf6 
5.O-O Be7 6.c3 Qg6 7.Bc2 d6 8.g3 Bg4 9.d4 exd4 
10.cxd4 Qf6 11.Kg2 Nxd4 12.Nbd2 Nxc2 13.Qxc2 O-O-O 
14.Ng1 Nh6 15.f3 Be6 16.Nb3 d5 17.Be3 dxe4 18.fxe4 
Qg6 19.Rac1 Bd6 20.Nd4 Ng4 21.Bf2 Bf4 22.Nh3 Be3 
23.Qxc7+ 1-0

[Event "ACL-A126"]
[Site "www.playchess.de"]
[Date "2001.04.18"]
[Round "3"]
[White "badplayer"]
[Black "MAPS"]
[WhiteElo "1500"]
[BlackElo "1500"]
[PlyCount "45"]
[Result "1-0"]

1.e4 e5 2.Nf3 Nf6 3.Nxe5 Nxe4 4.Qe2 d5 5.d3 Nf6 
6.Nc6+ Qe7 7.Nxe7 Bxe7 {good move.}  8.Bg5 Nbd7 
9.Nc3 h6 10.Bf4 O-O 11.Qxe7 Re8 12.Qxe8+ Nxe8 
13.Nxd5 b6 14.Ne7+ Kf8 15.Nxc8 Rxc8 16.d4 Nef6 
17.O-O-O Ne4 18.Be3 Ndf6 19.Bd3 Re8 20.f3 Nd6 
21.Bf4 g5 22.Bxd6+ Kg8 23.Bxc7 1-0